| 000 | 00467nam a2200181Ia 4500 | ||
|---|---|---|---|
| 005 | 20250423101406.0 | ||
| 008 | 250422s9999 xx 000 0 und d | ||
| 020 | _a0-7618-2804-4 | ||
| 050 | _aDT 515836 .O25/ | ||
| 100 | _aObiaga, Ndubisi | ||
| 245 | 4 | _aThe politics of humanitarian organizations intervention | |
| 260 | _aDallas | ||
| 260 | _bUniversity Press of America | ||
| 260 | _c2004 | ||
| 300 | _a120 p | ||
| 650 | _aPolitical Science | ||
| 942 | _cBK | ||
| 999 |
_c36173 _d36173 |
||